List of Largest Ethnic Groups In Western Asia Quiz Stats

 Plays Quiz not verified by Sporcle

Challenge
Share
Tweet
Embed
Score 0/10 Timer 04:00
0 Plays Today
Hint Answer % Correct
100 million +Arab
96.8%
75 million +Persian
95.5%
60 million +Turkish
91.1%
40 million +Kurds
86%
30 million +Azerbaijani
80.9%
5 million +Armenian
80.3%
4 million +Georgian
73.9%
6 million +Jewish
67.5%
3 million +Assyrian
50.3%
1 million +Druze
31.2%

You're not logged in!

Compare scores with friends on all Sporcle quizzes.
Join for Free
OR
Log In

You Might Also Like...

Show Comments

Extras

Top Quizzes Today


Score Distribution

Your Account Isn't Verified!

In order to create a playlist on Sporcle, you need to verify the email address you used during registration. Go to your Sporcle Settings to finish the process.

Report this User

Report this user for behavior that violates our Community Guidelines.

Details: